Možnosti využitia cloudových služieb

Enregistré dans:
Détails bibliographiques
Auteur principal: Tarča, Alexander
Format: Chapitre de livre
Langue:slovaque
Sujets:
Tags: Ajouter un tag
Pas de tags, Soyez le premier à ajouter un tag!

MARC

LEADER 00000nla a2200000 4500
001 0215593
005 20240502073609.9
041 0 |a slo 
044 |a SK 
245 1 0 |a Možnosti využitia cloudových služieb  |c Alexander Tarča 
500 |a Abstrakt 
610 2 0 |a systémy ekonomické 
610 2 0 |a cloud computing 
610 2 0 |a služby 
610 2 0 |a zákazníci 
100 1 |a Tarča, Alexander